LEADER 01380nam a2200289 4500 001 000000365397 003 CaOOAMICUS 005 20251124123411.0 008 251124s2024 it w 000 u ita r 020 $a978-88-266-0905-8 040 $aSeMil$bita 110 2 $aCittà del Vaticano.$0(OLS)http://semarc/name/115801 245 10$aCodici e leggi penali vaticane :$bcodice penale, codice di procedura penale e leggi complementari /$ca cura di Alessandro Diddi ; prefazione di Papa Francesco. 264 1$aCittà del Vaticano :$bLibreria Editrice Vaticana,$c2024. 300 $a703 p. ;$c25 cm 700 1 $aDiddi, Alessandro,$d<1955- >.$0(OLS)http://semarc/name/123286 700 0 $aFranciscus I,$c.$0(OLS)http://semarc/name/2737 850 $aSeMil 852 $aSeMil$W1$xVenegono$y1$m2J VI 30$j264751$B256227$CSeMilBibl$Z2$F256227 $81 900 1 $aBergoglio, Jorge Mario,$d<1936-2025>. 900 0 $aFrancesco I$c. 996 $6020$a978-88-266-0905-8$9(OLS)http://semarc/number/304763 996 $6245$aCodici e leggi penali vaticane :$bcodice penale, codice di procedura penale e leggi complementari$9(OLS)http://semarc/title/456972 996 $6264$aCittà del Vaticano :$bLibreria Editrice Vaticana$9(OLS)http://semarc/publisher/29734 LEADER 01226nam a2200241 i 4500 001 000000044037 003 CaOOAMICUS 005 20090929000000.0 008 090929s1967 gw u000 u ger u 013 $a15207 040 $aSeMil$bita 100 1 $aMcSorley, Harry J.$0(OLS)http://semarc/name/21883 245 10$aLuthers Lehre vom unfreien Willen :$bnach seiner Hauptschrift De Servo Arbitrio im Lichte der biblischen und kirchlichen Tradition /$cvon Harry J. McSorley. 260 $aMünchen :$bMax Hueber,$c1967. 300 $aXII, 340 p. ;$c24 cm. 490 0 $aBeiträge zur ökumenischen Theologie ;$v1 650 4$aLibero arbitrio.$0(OLS)http://semarc/subject/4428 650 4$aLutero, Martin <1483-1546> . De servo arbitrio.$0(OLS)http://semarc/subject/9431 830 0$aBeiträge zur ökumenischen Theologie ;$v1.$0(OLS)http://semarc/title/29374 850 $aSeMil 852 $aSeMil$W1$xVenegono$y1$m2B III 266$j10192$B10192$CSeMilBibl$Z2$F10192 $81 996 $6245$aLuthers Lehre vom unfreien Willen :$bnach seiner Hauptschrift De Servo Arbitrio im Lichte der biblischen und kirchlichen Tradition$9(OLS)http://semarc/title/64938 996 $6260$aMünchen :$bMax Hueber$9(OLS)http://semarc/publisher/30030